Gas volume requirements for underbalanced drilling : (Record no. 30)

000 -LEADER
fixed length control field 00638nam a22002174a 4500
001 - CONTROL NUMBER
control field 30
003 - CONTROL NUMBER IDENTIFIER
control field BD-DhUET
008 - FIXED-LENGTH DATA ELEMENTS--GENERAL INFORMATION
fixed length control field 020726s2002 okua b 001 0 eng
020 ## - INTERNATIONAL STANDARD BOOK NUMBER
International Standard Book Number 0878148027
040 ## - CATALOGING SOURCE
Original cataloging agency DDC
Transcribing agency DDC
Modifying agency BD-DhUET
082 ## - DEWEY DECIMAL CLASSIFICATION NUMBER
Classification number 622.3381
Item number GUE/2002
100 1# - MAIN ENTRY--PERSONAL NAME
Personal name Guo, Boyun.
245 10 - TITLE STATEMENT
Title Gas volume requirements for underbalanced drilling :
Remainder of title deviated holes /
Statement of responsibility, etc. by Boyun Guo, Ali Ghalambor.
250 ## - EDITION STATEMENT
Edition statement Ist ed.
260 ## - PUBLICATION, DISTRIBUTION, ETC. (IMPRINT)
Place of publication, distribution, etc. Tulsa, Okla. :
Name of publisher, distributor, etc. PennWell ,
Date of publication, distribution, etc. 2002.
300 ## - PHYSICAL DESCRIPTION
Extent xx, 232 p. :
504 ## - BIBLIOGRAPHY, ETC. NOTE
Bibliography, etc Includes bibliographies.
650 #0 - SUBJECT ADDED ENTRY--TOPICAL TERM
Topical term or geographic name as entry element Underbalanced drilling (Petroleum engineering)
700 1# - ADDED ENTRY--PERSONAL NAME
Personal name Ghalambor, Ali.
942 ## - ADDED ENTRY ELEMENTS (KOHA)
Koha item type General Book
Holdings
Copy number Date acquired Sublocation or collection (holding branch) Piece designation (barcode) Lost status Price effective from Koha date last seen Not for loan Damaged status Shelving location Location (home branch) Koha item type Withdrawn status Koha full call number Source of classification or shelving scheme Koha normalized classification for sorting
12014-07-13Central Library, BUET108587 2014-07-132014-07-13  Circulation sectionCentral Library, BUETGeneral Book 622./GUO/2002 622_000000000000000_GUO2002
22014-07-13Central Library, BUET108588 2014-07-132014-07-13  Circulation sectionCentral Library, BUETGeneral Book 622.3381/GUO/2002 622_000000000000000_3381GUO200